| 000 | 01620nam0a2200337 4500 | ||
|---|---|---|---|
| 001 | RU\NLR\bibl\1494751 | ||
| 005 | 20260406052624.0 | ||
| 010 |
_a978-5-406-00229-2 _92000 |
||
| 021 |
_aRU _b2010-10964 _9725 |
||
| 035 | _a(nilc)RSL-KNO-004582484 | ||
| 035 | _a(NLR Aleph) 001486265 | ||
| 090 |
_a1735049 _c1735049 |
||
| 100 | _a20100216d2010 |||y0rusy50 ca | ||
| 101 | 0 | _arus | |
| 102 | _aRU | ||
| 105 | _ay zzzz||||| | ||
| 200 | 1 |
_aОсновы теории коммуникации _eучебное пособие для студентов высших учебных заведений, обучающихся по направлению 050400 "Социально-экономическое образование" _fО. Л. Гнатюк |
|
| 210 |
_aМосква _cКноРус _d2010 |
||
| 215 |
_a255, [1] с. _d22 |
||
| 320 | _aБиблиогр. в конце кн. | ||
| 606 | 1 |
_aКоммуникации теория _jУчебные издания для высших учебных заведений _91185036 _3RU\NLR\auth\66477400 |
|
| 610 | 0 | _aСоциология -- Социальные процессы -- Социальная коммуникация и интеракция (взаимодействие) -- Учебник для высшей школы | |
| 686 |
_aС555.74я73-1 _2rubbk |
||
| 686 | _aС550.74я73 | ||
| 700 | 1 |
_4070 _8rus _7ca _aГнатюк _bО. Л. _gОльга Леонидовна _3RU\NLR\auth\777560 _9117493 |
|
| 801 | 0 |
_aRU _bРГБ _c20100216 _grcr |
|
| 801 | 1 |
_aRU _bРГБ _c20100216 |
|
| 801 | 2 |
_aRU _bNLR _c20100406 _grcr |
|
| 942 | _cBOOK | ||
| 980 | _aNB | ||